000 00725cam a22002291 4500
001 e 33001329
003 DLC
005 20260227111224.0
008 800320s1929 nyu 000 0 eng
010 _ae 33001329
035 _a(OCoLC)6108460
040 _aDLC
_cVi
_dDLC
050 0 0 _aHD6250.U3
_bN2 no. 356
110 2 _aNational Child Labor Committee (U.S.)
_ecomp.
245 1 4 _aThe doctor looks at child labor.
260 _a[New York city,
_c1929]
300 _a21, [1] p.
_billus.
_c24 cm.
490 0 _aPublication
_vno. 356
500 _aA series of statements contributed by recognized medical authorities.
650 0 _aChildren
_xHealth and hygiene
_zUnited States.
650 0 _aChild labor
_zUnited States.
999 _c21350
_d21350